[Event "Tata Steel-A 81st"]
[Site "Wijk aan Zee"]
[Date "2019.01.16"]
[Round "5"]
[White "Shankland, Samuel L"]
[Black "Ding, Liren"]
[Result "0-1"]
[WhiteElo "2725"]
[BlackElo "2813"]
[Annotator "Howell,David"]
[PlyCount "66"]
[EventDate "2019.01.12"]
[EventType "tourn"]
[EventRounds "13"]
[EventCountry "NED"]
[EventCategory "21"]
[SourceTitle "CBM 188"]
[Source "ChessBase"]
[SourceDate "2018.12.21"]
[SourceVersion "1"]
[SourceVersionDate "2018.12.21"]
[SourceQuality "1"]

1. e4 e5 2. Nf3 Nc6 3. Bb5 a6 4. Ba4 Nf6 5. O-O Be7 6. Re1 b5 7. Bb3 O-O 8. h3
Bb7 9. d3 d6 10. c3 {This plan is rarely seen at the top level nowadays.} ({
White's set-up is usually associated with keeping the bishop on the a2-g8
diagonal. Therefore} 10. a3 {is more frequently chosen.}) 10... Na5 11. Bc2 c5
12. Nbd2 Re8 13. Nf1 h6 14. Ne3 {Another slightly unorthodox decision from
Shankland.} (14. Ng3 {is almost exclusively played by Grandmasters in this
position. Although White is unlikely to push d3-d4 in the near future, having
already moved the d-pawn, the knight simply feels more flexible on g3. It also
allows the c1-bishop to breathe more freely.}) 14... Bf8 15. b4 $6 {A flawed
plan. Shankland was already beginning to spend considerable time on his moves;
this is rarely a good idea against a player with such vast experience of these
middlegames as Ding.} (15. Nh2 {would at least be consistent with White's
previous moves, aiming for a kingside attack or at least some control over the
light-squares. Now:} d5 $1 16. Nhg4 (16. Qf3 {has also been seen in practice.})
16... dxe4 (16... d4 17. Nf5 {leads to tense play on the kingside.}) 17. dxe4 (
17. Nxf6+ Qxf6 18. dxe4 Rad8 19. Qe2 $11 {was seen in McShane-Hebden, Hull
2018.}) 17... Nxg4 18. Qxg4 Re6 $132 {and the game goes on.}) 15... cxb4 16.
cxb4 Nc6 17. a3 d5 $1 {Ding is the first to strike in the centre, and now only
Black can hope to claim an edge.} 18. Ng4 $2 {Shankland seemingly cannot
decide on a plan. This would have made more sense a few moves ago.} ({It was
time to accept that the opening had not gone according to plan, and to
simplify:} 18. Nxd5 Nxd5 19. exd5 Qxd5 20. Bb3 Qd7 21. Bb2 $11 {White's
isolated d-pawn is balanced out by his strong bishops on b2 and b3.}) 18...
Nxg4 19. hxg4 dxe4 20. dxe4 Qxd1 21. Rxd1 a5 $1 {With simple play, Ding
creates a weakness to attack on the queenside. This is enough to cause
headaches for White.} 22. bxa5 $6 {Too compliant.} (22. Rd7 $5 {would have
been an attempt to confuse matters:} Bc8 23. Rc7 $132) 22... Nxa5 23. Rb1 Bc6
24. Nd2 Red8 25. Kf1 Nb7 26. Rb3 Bd7 (26... Rac8 $1 {would have been a
slightly more accurate move order, avoiding White's option on the next turn.})
27. f3 $6 (27. Nf3 {was White's final attempt to untangle. Black still holds a
big advantage, but it is not easy to convert:} Rac8 (27... Bxg4 $2 28. Rxd8
Rxd8 29. Nxe5 $11) 28. Ne1 b4 29. Rb1 $1 Bb5+ 30. Kg1 Rxd1 31. Bxd1 {and White
is still clinging on.}) 27... Rac8 28. Bb1 {White's pieces are a mess. Black
now profits from their lack of co-ordination:} b4 $1 29. Rb2 {What else?} (29.
axb4 Ba4 $19) 29... Ba4 30. Re1 Rc7 $1 $19 {A classic example of Ding's
calmness. He simply improves a piece while protecting the b7-knight and
threatening to double his rooks.} 31. Ba2 (31. axb4 Rdc8 {traps the c1-bishop.}
) 31... bxa3 32. Rb6 Bc5 33. Rb1 Bc2 $1 {Nice geometry. Black threatens both ..
.Bxb1 and ...Bd3+. A smooth game from Ding, but he was given a helping hand
from his opponent.} 0-1

[Event "Istanbul FIDE GP (Women)"]
[Site "Istanbul"]
[Date "2009.03.19"]
[Round "11"]
[White "Sebag, Marie"]
[Black "Koneru, Humpy"]
[Result "0-1"]
[WhiteElo "2529"]
[BlackElo "2621"]
[Annotator "Humpy,K"]
[PlyCount "94"]
[EventDate "2009.03.07"]
[EventType "tourn"]
[EventRounds "11"]
[EventCountry "TUR"]
[EventCategory "10"]
[SourceTitle "CBM 130"]
[Source "ChessBase"]
[SourceDate "2009.05.20"]
[SourceVersion "1"]
[SourceVersionDate "2009.05.20"]
[SourceQuality "1"]

{The was the crucial final round of the Grand Prix. The Chinese girls Hou
Yifan, Zhao Xue and I were in joint lead with 7.5 points, followed by Elina
Danielian with 7 points. I was very much in need of a win.} 1. e4 e5 2. Nf3 Nc6
3. Bb5 a6 4. Ba4 Nf6 5. O-O Be7 6. Re1 b5 7. Bb3 d6 8. c3 O-O 9. h3 a5 {
I prepared this variation overnight with the inspiration of the game Ivanchuk
- Carlsen,2009.} 10. d3 (10. d4 a4 11. Bc2 Bd7 12. Na3 Rb8 13. d5 Na7 14. c4
Ra8 15. Be3 b4 16. Nb1 c5 17. a3 b3 18. Bd3 Nxe4 19. Bxe4 f5 20. Nfd2 fxe4 21.
Qh5 Be8 22. Qe2 Bd7 23. Qh5 Be8 24. Qe2 Bd7 {1/2-1/2 Ivanchuk,V (2779)-Carlsen,
M (2776)/Wijk aan Zee NED 2009}) 10... a4 11. Bc2 Bd7 {In view of Na3 I
decided to develop my queenside bishop at d7 to protect the b5 pawn.} 12. Nbd2
{Sebag is not interested in queenside play. She is shifting her knight rapidly
to the kingside.} Re8 13. Nf1 h6 14. Ng3 Bf8 15. Nh2 $5 {Here I have to
consider both 16.f4 and 16.Ng4.} (15. d4 {is better for White:} Na5 16. Nh2 c5
17. d5 g6 18. Bd3 c4 19. Bc2 Nb7 {playable} (19... Nb3 20. axb3 axb3 21. Rxa8
Qxa8 22. Qf3 Bg7 23. Bd1 Qa1 24. Qe3 Ra8 25. Be2 Ra6 26. f4 exf4 27. Qxf4 h5
28. Nf3 Be8 29. Nd4 Rb6 30. Ngf5 {1-0 Grischuk,A (2724)-Payen,A (2393)/Port
Barcares FRA 2005})) 15... Ne7 $146 ({It would be a better idea to play} 15...
d5 $1 {which leads to interesting positions.} 16. exd5 Nxd5 17. Qf3 Be6 18. a3
(18. Ng4 b4 $1 19. Nxe5 Nxe5 20. Rxe5 bxc3 21. bxc3 Nxc3 22. Bb2 Qd4 23. Rae1 (
23. Re4 Ne2+ 24. Rxe2 Qxb2 $15) (23. Bxa4 Rxa4 24. Re4 Qb6 25. Bxc3 Ra3 26. Bd4
c5 27. Be3 Bd5 $17) 23... Qb4 {is better for Black.}) 18... Nde7 (18... Qf6 19.
Qe4 g6 20. Ng4 $14) 19. Ng4 Bd5 20. Qd1 Ng6 $11) (15... Na5 16. f4 c5 17. Nf3
Nc6 18. a3 Qc7 19. Rf1 Ra6 20. Be3 Rc8 21. Rc1 Na5 22. Bb1 Rc6 23. Rc2 b4 24.
Rcf2 bxc3 25. bxc3 Nb3 26. Nd2 d5 27. fxe5 Qxe5 28. Ne2 Nxd2 29. Qxd2 Bd6 30.
Bf4 {Bologan,V (2589)-Xie Jun (2542)/Shanghai 2000/1/2-1/2 (49)}) 16. Qf3 (16.
f4 {is less advisable for White.} exf4 17. Bxf4 Ng6 18. Qf3 a3 $15) (16. Ng4
Ng6 17. Nf5 d5 18. Qf3 Nxg4 19. hxg4 d4 20. a3 (20. cxd4 exd4 21. Nxd4 Bxg4 22.
Qxg4 Qxd4 23. Rb1 Bc5 24. Be3 Qd6 $15) 20... c5 {I don't see any problems in
Black's position.}) 16... Ng6 17. Ng4 (17. Nf5 $2 Bxf5 18. exf5 (18. Qxf5 Nh4
$19) 18... Nh4 $15) 17... Nxg4 18. hxg4 {With the exchange of knights White
lost control over the g5-square. I can get rid of my dark squared bishop as in
the game.} Be7 ({At first I thought of playing} 18... Nh4 {It helps White to
improve the position with a tempo. For example} 19. Qe2 Be7 20. Nf1 Bg5 21. g3
Ng6) 19. Nf5 Bg5 20. g3 Bxc1 21. Raxc1 Qg5 {At this stage of the game I felt
my position to be comfortable and some aggressive ideas came to my mind.} 22.
Rcd1 {Sebag played very cautiously.} (22. Kg2 {will be met by} h5 $1 23. gxh5
Nf4+) (22. Kf1 Nf8 23. Kg2 g6 24. Ne3 Nh7 25. Rh1 Nf6 {I imagined this
position when I placed my queen on g5.} 26. Rh4 (26. Bd1 $2 Nxg4 27. Nxg4 Bxg4
28. Qxg4 Qxc1 $17) 26... Kg7 27. Rch1 Rh8 28. Qe2 h5 29. Qd2 Nxg4 30. Nf5+ Kf6
31. f4 exf4 32. gxf4 Ne3+ 33. Kf3 Qg2+ 34. Kxe3 (34. Qxg2 $2 Nxg2 35. Kxg2 gxf5
36. Rxh5 Rxh5 37. Rxh5 a3 38. b3 Rg8+ 39. Kf2 Rg4 $17) 34... Qxd2+ 35. Kxd2
gxf5 36. Rxh5 Rxh5 37. Rxh5 a3 38. bxa3 Rxa3 39. Bb3 $11) {I wanted to place
my knight on f6. But I felt it to be troublesome as my bishop is under
indirect attack after the d4 break. So I played} 22... Be6 (22... Nf8 23. d4
Nh7 (23... exd4 24. cxd4 Nh7 25. e5 $14) 24. dxe5 Rxe5 25. Qe2 Bxf5 26. gxf5
Rae8 27. Kg2 Rxf5 (27... Qxf5 28. f4 R5e7 29. e5 Qd7 30. Bd3 Qc6+ 31. Kh2 Qb6
32. Bxb5 c6 33. Bxa4 dxe5 34. f5 Nf6 $13) 28. Qd3 Rc5 29. e5 Nf8 30. f4 Qh5 31.
exd6 Rxe1 32. Rxe1 Rd5 33. Re5 Rxe5 $1 (33... Rxd3 $2 34. Bxd3 Qg4 35. Bf5 cxd6
36. Bxg4 dxe5 37. fxe5 $16) 34. fxe5 Qxe5 35. dxc7 (35. d7 Nxd7) 35... Qxc7 36.
Qxb5 a3 $44) 23. a3 Rad8 ({Better is to continue with my earlier plan} 23...
Nf8 24. d4 Bc4 25. Ne3 Nd7 26. Nxc4 bxc4 27. Qe2 Nb6 {is okay for Black.}) 24.
Ne3 (24. d4 d5 25. Qe2 dxe4 26. Bxe4 (26. Qxb5 Qxg4 27. Ne3 Qg5 28. d5 Bd7 29.
Qc4 f5 30. Ng2 (30. d6+ Be6 31. Qxa4 cxd6 32. Rxd6 Nf4 33. Bb3 (33. Red1 Ne2+
34. Kg2 Qh5 35. Rxe6 Qf3+ 36. Kf1 Nxg3+ 37. Kg1 Qh1#) 33... Bxb3 34. Qxb3+ Kh7
35. Rxd8 Rxd8 $15)) 26... Bc4 27. Qf3 exd4 28. cxd4 Ne7 $11) 24... Nf8 25. d4
Nh7 26. Bd3 Bd7 $5 (26... exd4 {is a good try for Black.} 27. cxd4 Nf6 28. Qe2
Bc4 $3 29. Bxc4 bxc4 30. f3 (30. Qxc4 Rxe4 {White's kingside pawns are
vulnerable.} 31. Qxa4 Rde8 32. Ng2 (32. Kf1 h5 33. gxh5 Qxh5 34. Kg2 Ng4 $19)
32... Qxg4 33. Rxe4 Rxe4 34. Rd2 $15) 30... h5 31. Nxc4 hxg4 32. f4 Qb5 33. e5
dxe5 34. dxe5 Qb3 35. Rxd8 Qxg3+ 36. Kf1 Rxd8 37. exf6 Rd4 38. Qe8+ Kh7 39. Qe3
Qxf4+ 40. Kg2 (40. Kg1 Rxc4 41. Qd3+ g6 $19) 40... Qf3+ (40... Rxc4 $2 41. Qd3+
Kh6 42. Rh1+ Kg5 43. Rf1 $1 (43. Qd5+ Kg6 44. Qd3+ Qe4+ 45. Qxe4+ Rxe4 $19)
43... Qe4+ 44. Qxe4 Rxe4 45. fxg7 Re8 46. Rxf7 $16) 41. Qxf3 gxf3+ 42. Kxf3
Rxc4 43. fxg7 Kxg7 $15) 27. Qe2 c6 28. d5 cxd5 29. Bxb5 (29. exd5 Rb8 30. Bf5
Qd8 31. Bxh7+ Kxh7 32. Qc2+ Kg8 33. Kg2 Rc8 $11) 29... Bxb5 (29... dxe4 30.
Rxd6 Qe7 $2 31. Rxd7 Rxd7 32. Nf5 $18) 30. Qxb5 {The crucial position in the
game. Here I missed the right path.} dxe4 $2 (30... d4 $3 31. cxd4 exd4 32. Nf5
$1 (32. Qxg5 $4 Nxg5 $17) (32. Nd5 Qxg4 33. Rxd4 Ng5 34. Re3 Nf3+ 35. Rxf3 Qxf3
36. Nc3 Rb8 37. Qxa4 f5 $15) 32... Qxg4 33. Nxd6 Re6 34. Qf5 Qxf5 35. Nxf5 Ng5
36. Kg2 Rxe4 37. Rxe4 Nxe4 38. f3 (38. Rxd4 Rxd4 39. Nxd4 Nd2 $15) 38... Nc5
39. Rxd4 Rxd4 40. Nxd4 $11) 31. Rxd6 $1 Ra8 {At this moment Zhao Xue lost to
Elina Danielian, which meant that if I drew the game I would be placed along
with Danielian. And the game between Shen Yang - Hou Yifan was still going on
and it seemed to be drawish. So, I could hope for the title if I was able to
outplay Sebag. However, I'm afraid that at this point I overlooked the Ra6
move before entering into this position} 32. Rd7 $2 {This move gave a great
relief. Perhaps Sebag wanted to exploit the position of my king via the
seventh rank.} (32. Ra6 $142 {would give White better prospects to play for a
win.}) 32... Nf6 {My knight is back into the game with tempo.} 33. Rb7 h5 {
This is a good idea. Playing against the white king.} (33... Nxg4 34. Nxg4 Qxg4
35. Qd5 Qg6 (35... Rf8 36. Rxf7) 36. Re7 $14) 34. Qc4 Rf8 35. gxh5 Qxh5 36. Nd5
$4 {After this blunder I felt like dancing.} ({She could have tried} 36. Qe2
Qh3 37. Rd1 Rfe8 (37... Rfb8 38. Rb4 g6 $2 39. Nd5 Ng4 40. Qxg4 Qxg4 41. Nf6+
$18) 38. Rd6 Nh7 $44) 36... Ng4 $1 37. Kf1 (37. Ne7+ Kh8 38. Qc5 Qh2+ 39. Kf1
e3 $19) 37... Qh2 (37... Qh1+ {is also winning} 38. Ke2 Qf3+ 39. Kd2 Rfd8 40.
Kc1 Nxf2 41. Kb1 Qd3+ 42. Qxd3 exd3 $19) 38. Ke2 (38. Qc5 e3 $19 (38... Ra5 $4
39. Qxf8+ Kxf8 40. Rb8#)) (38. Rxf7 Kh8 $3 (38... Rxf7 39. Ne7+ Kf8 40. Ng6+
Kg8 41. Ne7+ $11) 39. Ne7 Qh5 40. Rxf8+ Rxf8 $19) 38... Qxf2+ 39. Kd1 Rad8 40.
Rb5 Ne3+ 41. Rxe3 Qxe3 42. Kc2 Qf2+ 43. Kb1 Rfe8 (43... Rxd5 $1 44. Rxd5 e3 45.
Rxe5 Rb8 46. Rb5 Rxb5 47. Qxb5 e2 $19) 44. Ka2 (44. Rb7 Rxd5 45. Qxd5 e3 46.
Re7 Rxe7 47. Qd8+ Kh7 48. Qxe7 Qf5+ 49. Kc1 Qf1+ 50. Kc2 Qe2+ 51. Kc1 Qd2+ 52.
Kb1 e2 53. Qh4+ Kg8 $19) (44. Nc7 Rd1+ 45. Ka2 Qc2 $19) 44... e3 45. Qb4 Rxd5
46. Rxd5 e2 47. Qxa4 Rb8 {Finally after many ups and downs in the tournament I
got the first Grand Prix title with this win.} 0-1

[Event "Leonid Stein Memorial"]
[Site "Lvov"]
[Date "2000.05.12"]
[Round "1"]
[White "Ivanchuk, Vassily"]
[Black "Beliavsky, Alexander G"]
[Result "1-0"]
[WhiteElo "2709"]
[BlackElo "2640"]
[Annotator "Ivanchuk,V"]
[PlyCount "81"]
[EventDate "2000.05.12"]
[EventType "tourn"]
[EventRounds "10"]
[EventCountry "UKR"]
[EventCategory "17"]
[SourceTitle "CBM 077"]
[Source "ChessBase"]
[SourceDate "2000.07.27"]
[SourceVersion "1"]
[SourceVersionDate "2000.07.27"]
[SourceQuality "1"]

{[%mdl 2081]} 1. e4 e5 2. Nf3 Nc6 3. Bb5 a6 4. Ba4 Nf6 5. O-O Be7 6. Re1 b5 7.
Bb3 d6 8. c3 O-O 9. h3 Re8 10. d4 Bb7 11. Nbd2 Bf8 12. a4 Na5 {Wedberg: 'Very
unusual.'} (12... h6 {is the standard move.}) 13. Ba2 $1 $146 {[%cal Ra2g8]
[%mdl 8] Wedberg: 'Interesting novelty. White defends e4 with tactics.'} ({
In few games white played} 13. Bc2 exd4 (13... c5 14. b3 (14. d5 c4 {This is a
type of position often met in the Breyer line. Black can put a N on c5.} 15.
Nf1 Nd7 16. Be3 Qc7 17. Ng3 Reb8 18. Nh2 Bc8 19. Ra2 Nc5 20. f4 $132 {1-0
Shmuter,L-Kovtun,S/UKR-ch sf 1986/EXT 97 (62)}) 14... Nc6 15. d5 Ne7 16. Bd3
$14 {1/2-1/2 Kotter,R-Reichel,A/Bad Wildbad 1999/CBM 73 ext (40)}) 14. cxd4 c5
$13 {The Bishop is well placed at "a2", so there is no reason to play Bc2})
13... c5 (13... exd4 $5) ({Maybe} 13... exd4 14. cxd4 Nxe4 {is playable} 15.
Nxe4 Bxe4 16. Bxf7+ Kxf7 17. Rxe4 Rxe4 18. Ng5+ Kg8 19. Nxe4 $14) 14. b4 {
'!' Wedberg. Wedberg: 'The idea is not to allow Black to play c4. Whatever
Black plays White gets a nice advantage.'} cxb4 (14... Nc6 $142 15. d5 Nb8 16.
bxc5 dxc5 17. c4 $14) (14... cxd4 15. bxa5 dxc3 $13) 15. cxb4 Nc6 (15... Nc4
16. Nxc4 bxc4 17. d5 $16 {[%csl Rc4] ><c4}) 16. Qb3 Qc7 $6 {Lose of time.} ({
The natural move was} 16... Qd7) 17. d5 (17. Ng5 $6 d5 $1 $15) 17... Ne7 18.
Bb1 $1 {[%cal Gb1d3] '+/-' Wedberg. Wedberg: 'White has a nice game with good
targets on the Q side. Black´s minor pieces lacks space. There isn´t room for
manouvering.'} bxa4 ({Best was waiting} 18... Rab8 19. axb5 axb5 20. Bd3 Bc8 {
and black has good defencive resourses.}) 19. Qxa4 Reb8 20. Qa5 Ne8 (20... Qxa5
21. bxa5 $16 {[%csl Gb6][%cal Yd2c4,Yc4b6,Yc4d6,Yc1a3,Ya3d6]}) 21. Qxc7 Nxc7 {
We got an ending with big space advantage for white. There is no real
counterplay for black.} 22. Nc4 Rd8 ({Interesting was the piece sacrifice} 
22... Nexd5 $5 23. exd5 Bxd5 24. Nfd2 Rxb4 25. Ne3 Be6 $14) 23. Be3 Nb5 24.
Nfd2 Rab8 25. Bd3 f5 {Wedberg: 'Black needs counterplay, but White can defuse
this one easily.'} 26. f3 fxe4 27. fxe4 $16 {[%csl Ra6,Rd6] Now the position
is difficult for black.} Nd4 28. Bxd4 {'!' Wedberg.} exd4 29. Nf3 {Wedberg:
'Black´s position is very restricted by the white P:s on d5 and e4. White´s N:
s are stronger than the black B:s.'} g6 30. Rab1 Bg7 31. Ng5 $1 {[%csl Re6]}
Bc8 32. Rf1 $18 Rd7 33. Ne6 h6 34. Rf3 g5 35. Rbf1 Ng6 36. e5 $1 {Wedberg:
'The winning break.'} Nf4 (36... Nxe5 37. Rf8+ Bxf8 38. Rxf8#) 37. Nxf4 gxf4
38. e6 Rd8 39. Rxf4 Bb7 40. Rg4 Rf8 41. Rxf8+ {This is the best game from the
event, selected by a jury.} 1-0

[Event "Poikovsky Karpov 11th"]
[Site "Poikovsky"]
[Date "2010.06.05"]
[Round "4"]
[White "Karjakin, Sergey"]
[Black "Sokolov, Ivan"]
[Result "1-0"]
[WhiteElo "2739"]
[BlackElo "2654"]
[Annotator "Karjakin,S"]
[PlyCount "87"]
[EventDate "2010.06.02"]
[EventType "tourn"]
[EventRounds "11"]
[EventCountry "RUS"]
[EventCategory "18"]
[SourceTitle "CBM 137"]
[Source "ChessBase"]
[SourceDate "2010.07.15"]
[SourceVersion "1"]
[SourceVersionDate "2010.07.15"]
[SourceQuality "1"]

1. e4 e5 2. Nf3 Nc6 3. Bb5 a6 4. Ba4 Nf6 5. O-O Be7 6. Re1 b5 7. Bb3 d6 8. c3
O-O 9. h3 Bb7 10. d4 Re8 {Ivan plays many different lines of the Spanish. I
did not expect the Zaitsev, as recently I had played it with Black.} 11. Nbd2
Bf8 12. a3 {After some thinking I decided to play as I already did against
Grischuk.} Qd7 {In my view this is a little bit strange. More usual is 12...h6
or 12...g6.} 13. Ba2 g6 {Mixing plans.} ({The only point of 12...Qd7 seems to
me} 13... Rad8 {with the idea in some lines to play ...d5. I don't like it for
Black anyway, but I don't see other ideas of 12...Qd7.}) 14. b4 Bg7 15. Bb2 $14
{Simple and strong. I think White is slightly better.} a5 $6 {I don't like
this move. Now White will transfer the knight to a5 and open up the c-file!}
16. d5 Ne7 17. Nb3 axb4 18. cxb4 Nh5 (18... c6 {does not work because of} 19.
Nxe5 $1 dxe5 20. Nc5 Qc8 21. d6 $18) ({I would prefer} 18... Rad8 19. Na5 Ba8
$14 {to prepare c6, although White is better anyway.}) 19. Rc1 {I decided not
to put the knight on a5 yet, as at some moments White can have ideas with Nc5.}
Bc8 20. Rc3 $1 {Strong and probably the most difficult move in the game!} Ra7 (
{I had to find} 20... f5 21. Ng5 $1 fxe4 22. Nc5 $1 {and White is crushing!})
21. Na5 {Now with the rook on a7 White plays Na5.} Nf4 (21... f5 22. Nc6 Rb7
23. Nfxe5 {is winning for White.}) 22. Bc1 {Against f5 and preparing Be3 and
Qc2.} h6 (22... f5 23. Bxf4 exf4 24. e5 {and White is dominating!}) 23. Qc2 g5
24. Nh2 $1 {The cleanest!} (24. Be3 Nxg2 {is at least not technical!}) 24...
Neg6 25. Be3 Nxg2 $8 26. Kxg2 Rxa5 (26... Qxh3+ 27. Kh1 Nh4 28. f3 {is also
winning for White!}) 27. bxa5 Qxh3+ 28. Kh1 Nh4 29. f3 Nxf3 30. Rc1 {Here it
became clear, that Black does not have compensation for the rook. The rest is
clear.} Nxh2 31. Qxh2 Qf3+ 32. Qg2 Qh5+ 33. Kg1 Bh3 34. Qg3 f5 35. Bf2 Bg4 36.
a6 f4 37. Qh2 Qg6 38. Rxc7 Bf3 39. Rc8 Rxc8 40. Rxc8+ Kh7 41. a7 g4 42. a8=Q g3
43. Bxg3 fxg3 44. Qh4 {Black resigned! This was my cleanest victory in
Poikovsky!} 1-0